000 00440nam a22001577a 4500
999 _c17530
_d17530
003 OSt
005 20221104153048.0
008 221104b ||||| |||| 00| 0 eng d
040 _c0
100 _aCervantes, Ding.
_946616
245 _aUN asked to investigate death of environmental defenders /
260 _aPhilippines ; The Philippine Star,
_cMarch 5, 2020
300 _apage B5
650 _aEnvironmental
_916129
942 _2ddc
_cPER